MARC

Tag First Indicator Second Indicator Subfields
LEADER 00000pam a2200000 i 4500
001 in00000029696
005 20151007062908.0
008 790507s1979 wiua b 00000 eng
010 |a  79003961  
020 |a 0299079309 :  |c $12.50 
020 |a 0299079341 (pbk.) :  |c $4.95 
035 |a (OCoLC)05007610 
035 |9 AAD6050AM 
040 |a DLC  |c DLC  |d TXA  |d UtOrBLW 
049 |a TXAM  |c [1383647] 
050 0 0 |a PN1997  |b .H485 
082 0 |a 791.43/7 
100 1 |a Huston, John,  |d 1906-1987. 
245 1 0 |a High Sierra /  |c edited with an introd. by Douglas Gomery. 
264 1 |a Madison, Wis. :  |b Published for the Wisconsin Center for Film and Theater Research by the University of Wisconsin Press,  |c 1979. 
300 |a 189 pages :  |b illustrations ;  |c 23 cm. 
336 |a text  |b txt  |2 rdacontent 
337 |a unmediated  |b n  |2 rdamedia 
338 |a volume  |b nc  |2 rdacarrier 
490 0 |a Wisconsin/Warner Bros. screenplay series 
500 |a "Screenplay by John Huston and W. R. Burnett. Original story by W. R. Burnett." 
504 |a Includes bibliographical references. 
700 1 |a Burnett, W. R.  |q (William Riley),  |d 1899-1982. 
700 1 |a Gomery, Douglas. 
700 1 |a Burnett, W. R.  |q (William Riley),  |d 1899-1982.  |t High Sierra. 
730 0 |a High Sierra. 
999 |a MARS 
999 f f |s 08d713ce-c702-341f-977a-85033db05929  |i 465ffbe4-17e7-31ae-848f-a605a63cd567  |t 0 
952 f f |p ric  |a Texas A&M University  |b Rellis Campus  |c Joint Library Facility  |d Remote Storage  |t 0  |e PN1997 .H485  |h Library of Congress classification  |i unmediated -- volume  |m A14803692269 
998 f f |a PN1997 .H485  |t 0  |l Remote Storage